[Event "9th Bangabandhu Blitz Men 2021"]
[Site "Dhaka"]
[Date "2021.04.03"]
[Round "2.4"]
[White "Avik, Sarker"]
[Black "Ahmed, Sheikh Nasir"]
[Result "0-1"]
[WhiteElo "2035"]
[BlackElo "2176"]
[Annotator "TA"]
[PlyCount "131"]
[EventDate "2021.04.02"]
[EventType "swiss"]
[EventCountry "BAN"]
[SourceTitle "playchess.com"]
[Source "ChessBase"]
[SourceQuality "1"]

{[%evp 18,131,22,6,33,28,32,27,51,48,64,47,56,47,49,48,47,0,0,0,0,7,4,1,10,-64,-61,-87,-87,-100,0,-67,-60,-81,-88,-80,-37,-37,-20,-38,-38,-38,-36,-54,-61,-103,-88,-108,-30,-41,-29,-31,0,-39,-36,-72,-34,-52,-34,-34,0,-47,0,-59,-22,-31,0,-22,-24,-66,-63,-111,-104,-267,-277,-275,-257,-487,-484,-462,-440,-543,-518,-479,-454,-454,-447,-447,-357,-350,-151,-661,-652,-832,-810,-808,-803,-1246,-1083,-1442,-1425,-1425,-1343,-1226,-1312,-2651,-1816,-29974,-5510,-29984,-29985,-29985,-29986,-29984,-29980,-29987]} 1. d4 Nf6 2. Bf4 e6 3. e3 c5 4. c3 b6 5. Nd2 Bb7 6. Ngf3 d6 7. h3 Be7 8. Bd3 Nbd7 9. O-O O-O 10. Qe2 Qc7 {is the legacy move (10...Re8). A47: 1 d4 Nf6 2 Nf3 b6: Torre, London and Colle Systems.} 11. Bh2 Rfe8 12. e4 e5 {White has an edge.} 13. d5 Bf8 {[#]} 14. c4 $146 ({Predecessor:} 14. Ba6 Rab8 15. a4 Bxa6 16. Qxa6 Qb7 17. Qe2 a6 18. Nc4 Qc7 19. g4 h6 20. Nfd2 {1-0 (66) Lora,J (2184)-Hernandez Fonseca,M (2018) Medellin 2018}) 14... g6 15. Rfe1 Nh5 16. Qe3 Bg7 17. g4 Nf4 18. Bxf4 exf4 19. Qxf4 Bxb2 20. Rab1 Bg7 21. Ng5 ({White should try} 21. Qg3 $11) 21... Ne5 $15 22. Be2 Bh6 23. Qf6 Bg7 24. Qf4 Qe7 25. Ngf3 {[#]} Nxf3+ $1 26. Qxf3 Qe5 27. Bd3 Re7 28. Qg3 Qxg3+ 29. fxg3 Rae8 30. Kf2 Bd4+ 31. Kf1 Bc8 32. Nf3 {[#]} Bg7 (32... h5 $1 $17 33. Nxd4 cxd4) 33. Kf2 Rf8 34. Re2 Rfe8 35. Rbe1 Bd7 36. Rc1 Ba4 37. Rce1 Bc3 38. Rc1 Bg7 39. Rce1 Bd7 40. Rc1 Bh6 41. Rce1 Rf8 42. g5 Bg7 43. h4 Bg4 {Strongly threatening ...f6.} 44. Rc2 f6 {Hoping for ...fxg5.} 45. Kg2 $2 (45. Nh2 $17 fxg5+ 46. Kg2) 45... Bxf3+ $19 46. Kxf3 fxg5+ 47. Kg4 $2 (47. Kg2) 47... h5+ 48. Kh3 Rf3 49. Be2 g4+ 50. Kg2 Rxe4 51. Bxf3 Rxe1 {[%mdl 4096] Endgame KRB-KRB} 52. Be2 Bd4 53. Bd3 Re3 (53... Kg7 $19 {has better winning chances. ...Re3 is the strong threat.} 54. Re2 Rd1) 54. Be2 $2 {This move loses the game for White.} (54. Bxg6 $17 Be5 55. Bxh5) 54... Be5 55. Bf1 Rxg3+ 56. Kf2 Ra3 57. Be2 Bg3+ 58. Kg2 Bxh4 59. Rd2 Bf6 60. Bd3 Kg7 61. Bb1 h4 62. Re2 h3+ 63. Kh2 Be5+ {Black mates.} 64. Rxe5 dxe5 65. d6 Rf3 66. d7 {Weighted Error Value: White=0.59/Black=0.22} 0-1

[Event "9th Bangabandhu Blitz Men 2021"]
[Site "Dhaka"]
[Date "2021.04.03"]
[Round "2.5"]
[White "Mohammad Fahad, Rahman"]
[Black "Manon, Reja Neer"]
[Result "1-0"]
[WhiteElo "2321"]
[BlackElo "2112"]
[Annotator "TA"]
[PlyCount "89"]
[EventDate "2021.04.02"]
[EventType "swiss"]
[EventCountry "BAN"]
[SourceTitle "playchess.com"]
[Source "ChessBase"]
[SourceQuality "1"]

{[%evp 9,89,-40,-33,-75,-80,-91,0,3,35,29,24,19,24,20,26,19,29,0,14,0,50,26,36,7,80,79,52,42,38,19,68,59,122,101,97,53,112,97,97,97,107,102,129,91,120,115,137,130,207,106,111,106,106,110,155,69,136,69,136,51,69,84,284,243,225,264,526,496,1215,1132,1098,1042,2218,2007,29992,1994,29991,2304,2854,2777,29986,29987]} 1. e4 c6 2. d4 d5 3. e5 Bf5 4. h4 h5 5. Bg5 Qb6 6. Bd3 {B12: Caro-Kann: Advance Variation.} Bxd3 7. Qxd3 e6 (7... Qxb2 $17 8. Qc3 Qxc3+ 9. Nxc3 e6) 8. Nd2 $11 {The position is equal.} Nd7 9. Ngf3 Be7 10. O-O Bxg5 11. Nxg5 Ne7 12. c4 Nf5 13. Ngf3 {[#]} Qa6 $146 ({Predecessor:} 13... O-O 14. b3 Qd8 15. g3 dxc4 16. bxc4 g6 17. Rfe1 Qe7 18. Qc3 b6 19. Ne4 Rfc8 {1-0 (40) Shcherbakov,R (2527)-Miranda Neto,J (2102) Moscow 2019}) 14. Qc3 Nb6 {[%cal Rb6c4]} 15. b3 {[%cal Bb2b3,Bb3b4][%mdl 32]} O-O 16. a4 {[%cal Ba2a4,Ba4a5,Ba5a6][%mdl 32]} Rac8 (16... dxc4 $11 17. bxc4 c5) 17. c5 $16 Nd7 18. b4 b6 19. Rfb1 Qb7 20. a5 b5 (20... Rfd8 $14) 21. a6 Qc7 22. Nb3 Nb8 (22... Qd8 $14) 23. Qd2 Qe7 24. g3 f6 25. Re1 Qf7 26. Kg2 Qg6 27. exf6 Rxf6 28. Qg5 Qxg5 (28... Qf7 $16) 29. Nxg5 (29. hxg5 $18 Rff8 30. Ne5 (30. Rxe6 Rce8 $16)) 29... Re8 30. Re2 Nd7 31. Rae1 Nf8 32. f4 (32. Na5 $16) 32... g6 (32... Nd7 $14) 33. Kf3 ({Better is} 33. Na5 $16) 33... Kg7 (33... Nd7 $14) 34. Re5 ({White should try} 34. Kf2 $16) 34... Kh6 35. Rd1 Nh7 $2 {[#] Black cannot hold the game after this.} (35... Nd7 $16) 36. Na5 $1 $18 Rc8 37. Nxe6 ({Weaker is} 37. Rxe6 Rxe6 38. Nxe6 Re8 $14) 37... Re8 $2 (37... Nf8) 38. Ng5 Rxe5 (38... Rd8 $142 39. Nxc6 {[%mdl 64] Double Attack} Rd7) 39. dxe5 ({Not} 39. fxe5 Rf8 $16) 39... Rf8 40. Nxc6 d4 41. Nxd4 Rd8 42. Nge6 (42. Nxf5+ $142 gxf5 43. Rxd8 Nf8 44. Rxf8 Kg6 45. e6 Kh6 46. e7 Kg7 47. e8=Q {[%mdl 64] Double Attack} Kh6 48. Rf6+ Kg7 49. Rg6#) 42... Rd5 43. Ke4 (43. Nxf5+ $142 gxf5 44. Rxd5 Kg6 45. c6 Nf6 46. exf6 Kxf6 47. Ng5 Kg6 48. c7 Kh6 49. c8=Q Kg7 50. Qc7+ {[%mdl 64] Double Attack} Kh8 51. Qh7#) 43... Rd7 44. c6 Nxg3+ 45. Kf3 {Weighted Error Value: White=0.19/Black=0.99} 1-0

[Event "9th Bangabandhu Blitz Men 2021"]
[Site "Dhaka"]
[Date "2021.04.03"]
[Round "2.6"]
[White "Kaushik, Chowdhury"]
[Black "Islam, Khandaker Aminul"]
[Result "0-1"]
[WhiteElo "1823"]
[BlackElo "2210"]
[Annotator "TA"]
[PlyCount "90"]
[EventDate "2021.04.02"]
[EventType "swiss"]
[EventCountry "BAN"]
[SourceTitle "playchess.com"]
[Source "ChessBase"]
[SourceQuality "1"]

{[%evp 11,90,11,18,0,20,0,13,0,12,0,28,0,0,0,0,-13,0,-13,-7,-101,0,-14,0,-8,16,0,0,-16,0,-9,0,-344,-312,-359,-362,-345,-189,-189,-189,-189,-51,-56,-56,-50,-24,-92,-40,-54,-29,-354,-362,-1322,-565,-1397,-1337,-1211,-1185,-29989,-29990,-29990,-29991,-29991,-29992,-29994,-29992,-29995,-29991,-29996,-29989,-29989,-29990,-29990,-29991,-29991,-29992,-29992,-29993,-29994,-29995,-29997,-1169]} 1. e4 e5 2. Nf3 Nc6 3. Bb5 Nf6 4. Nc3 Bc5 5. O-O d6 6. d3 h6 7. Be3 {C48: Four Knights: 4 Bb5, replies other than 4...Bb4.} Bb6 8. a4 Bd7 {[#]} 9. h3 $146 {The position is equal.} ({Predecessor:} 9. Bxc6 Bxc6 10. a5 Bxe3 11. fxe3 O-O 12. Qe1 Re8 13. Qg3 Nh7 14. Rf2 Re6 15. Nh4 {1-0 (45) Dobrovolsky,L (2357)-Kicmer,P (2227) Czechia 2011}) 9... O-O 10. Qd2 Kh7 11. Nd5 Nxd5 12. exd5 Ne7 13. Bxd7 $1 Qxd7 14. a5 Bxe3 15. fxe3 (15. Qxe3 $11 f5 16. c4) 15... f5 ({Black should play} 15... Nxd5 $17 16. c4 Ne7) 16. e4 fxe4 17. dxe4 Rf4 18. Rf2 Raf8 19. Raf1 Ng6 20. Qe2 Qa4 21. Nh2 $2 {[%mdl 8192]} (21. g3 $11 {and White stays safe.}) 21... Rxe4 $19 22. Qd3 Rxf2 23. Rxf2 Qd4 (23... Nf4 $142 24. Qf3 Qd4) 24. Qxd4 Rxd4 {[%mdl 4096] Endgame KRN-KRN} 25. Rf7 {[#]} Rd2 ({Don't play} 25... Rxd5 26. Rxc7 Nf4 27. Ng4 $17) (25... Rc4 $1 $19 {...Nf4 is the strong threat.} 26. Ng4 Kg8) 26. Rxc7 $15 Nf4 {[%mdl 64] Double Attack} 27. Ng4 $1 Kg6 28. Rd7 (28. Rxb7 $11 {remains equal.} Rxg2+ 29. Kf1) 28... h5 ({Much weaker is} 28... Nxg2 $6 29. Rxd6+ Kf5 30. Rd7 $11) (28... Rxg2+ $17 29. Kf1 Rxc2 30. Rxd6+ Kh5) 29. Rxd6+ Kf5 30. Ne3+ {[%mdl 8192] Now White is beyond hope.} (30. Nf2 $1 $11 {and White is okay.} Rxd5 31. g4+ hxg4 32. hxg4+ Kg5 33. Rxd5 Nxd5 34. Kg2) 30... Ke4 $19 {[%mdl 64] Double Attack} 31. Nf1 (31. Re6 Kxe3 32. Rxe5+ Kd4 33. Re7) 31... Rxg2+ 32. Kh1 Rf2 33. Nh2 Rxc2 34. b4 Rc1+ {Black mates.} 35. Nf1 Rxf1+ {KRN-KR} 36. Kh2 Rf2+ 37. Kg1 Nxh3+ 38. Kh1 Kf3 39. Rg6 Nf4 40. Rxg7 e4 41. d6 Rd2 42. d7 e3 43. Re7 e2 44. b5 {[#]} Rxd7 $1 {[%mdl 64] Promotion} 45. Rxd7 (45. Re5 Kf2) 45... e1=Q+ {[%mdl 64] Double Attack.  Weighted Error Value: White=0.74/Black=0.24} 0-1

[Event "9th Bangabandhu Blitz Men 2021"]
[Site "Dhaka"]
[Date "2021.04.03"]
[Round "2.7"]
[White "Rahman, Taibur"]
[Black "Sarkar, Bappi"]
[Result "1-0"]
[WhiteElo "2189"]
[BlackElo "1817"]
[Annotator "TA"]
[PlyCount "13"]
[EventDate "2021.04.02"]
[EventType "swiss"]
[EventCountry "BAN"]
[SourceTitle "playchess.com"]
[Source "ChessBase"]
[SourceQuality "1"]

{[%evp 9,12,74,158,120,29999]} 1. d4 d5 2. c4 Nf6 3. cxd5 Nxd5 4. Nf3 Bg4 5. Ne5 Bd7 ({Black should try} 5... Bh5) 6. Qb3 {[#] D06: Queen's Gambit: Symmetrical and Baltic Defences.} Nb6 $146 {[%mdl 8192] [#]} (6... e6 $16) ({Predecessor:} 6... Bc6 7. e4 e6 8. Nxc6 bxc6 9. exd5 {1-0 (9) Battistella,S (2068)-Moro,R (1722) Arco 2015}) 7. Qxf7# {Not enough moves} 1-0

[Event "9th Bangabandhu Blitz Men 2021"]
[Site "Dhaka"]
[Date "2021.04.03"]
[Round "2.8"]
[White "Uddin, Saif"]
[Black "Asaduzzaman, Ahad"]
[Result "1/2-1/2"]
[WhiteElo "1894"]
[BlackElo "1742"]
[Annotator "NA RC"]
[PlyCount "49"]
[EventDate "2021.04.02"]
[EventType "swiss"]
[EventCountry "BAN"]
[SourceTitle "playchess.com"]
[Source "ChessBase"]
[SourceQuality "1"]
[TimeControl "1500+10"]

1. c4 {[%emt 0:22:08]} e5 {[%emt 0:22:11]} 2. g3 {[%emt 0:00:10]} Nf6 {[%emt 0:00:13]} 3. Bg2 {[%emt 0:00:09]} c6 {[%emt 0:00:12]} 4. Nc3 {[%emt 0:00:24]} d5 {[%emt 0:00:10]} 5. cxd5 {[%emt 0:00:10]} cxd5 {[%emt 0:00:09]} 6. Qb3 {[%emt 0:00:11]} Nc6 {[%emt 0:00:16]} 7. Nxd5 {[%emt 0:00:16]} Nd4 {[%emt 0:00:14]} 8. Nxf6+ {[%emt 0:00:22]} Qxf6 {[%emt 0:00:29]} 9. Qd1 {[%emt 0:00:17]} Bf5 {[%emt 0:00:18]} 10. e4 {[%emt 0:00:24]} Be6 {[%emt 0:00:44]} 11. Nf3 {[%emt 0:00:44]} Bg4 {[%emt 0:00:14]} 12. Qa4+ {[%emt 0:00:18]} b5 {[%emt 0:00:11]} 13. Qa5 {[%emt 0:00:17]} Bxf3 {[%emt 0:00:24]} 14. O-O {[%emt 0:00:24]} Bxg2 {[%emt 0:00:17]} 15. Kxg2 {[%emt 0:00:11]} Qf3+ {[%emt 0:00:25]} 16. Kh3 {[%emt 0:00:09]} Bc5 {[%emt 0:00:15]} 17. a4 {[%emt 0:00:17]} O-O {[%emt 0:00:16]} 18. d3 {[%emt 0:00:43]} Nb3 {[%emt 0:00:20]} 19. Qc3 {[%emt 0:00:14]} Nxa1 {[%emt 0:00:18]} 20. Qxc5 {[%emt 0:00:09]} Nb3 {[%emt 0:00:14]} 21. Qxe5 {[%emt 0:00:18]} Nxc1 {[%emt 0:00:10]} 22. Rxc1 {[%emt 0:00:09]} Qxf2 {[%emt 0:00:12]} 23. axb5 {[%emt 0:00:10]} Rae8 {[%emt 0:00:12]} 24. Qg5 {[%emt 0:00:22]} Re6 {[%emt 0:00:11]} 25. Rc6 {[%emt 0:00:14]} 1/2-1/2

[Event "9th Bangabandhu Blitz Men 2021"]
[Site "Dhaka"]
[Date "2021.04.03"]
[Round "3.1"]
[White "Islam, Khandaker Aminul"]
[Black "Reefat, Bin-Sattar"]
[Result "0-1"]
[WhiteElo "2210"]
[BlackElo "2401"]
[Annotator "NA"]
[PlyCount "48"]
[EventDate "2021.04.02"]
[EventType "swiss"]
[EventCountry "BAN"]
[SourceTitle "playchess.com"]
[Source "ChessBase"]
[SourceQuality "1"]
[TimeControl "1500+10"]

1. Nf3 {[%emt 0:22:08]} d5 {[%emt 0:22:08]} 2. d4 {[%emt 0:00:11]} Nf6 {[%emt 0:00:14]} 3. Bf4 {[%emt 0:00:09]} c5 {[%emt 0:00:26]} 4. e3 {[%emt 0:00:09]} Nc6 {[%emt 0:00:12]} 5. Nbd2 {[%emt 0:00:10]} cxd4 {[%emt 0:00:15]} 6. exd4 {[%emt 0:00:09]} Qb6 {[%emt 0:00:10]} 7. Nb3 {[%emt 0:00:11]} Bg4 {[%emt 0:00:19]} 8. h3 {[%emt 0:00:18]} Bxf3 {[%emt 0:00:12]} 9. Qxf3 {[%emt 0:00:10]} e6 {[%emt 0:00:08]} 10. c3 {[%emt 0:00:58]} a5 {[%emt 0:00:22]} 11. Qe2 {[%emt 0:00:10]} a4 {[%emt 0:00:15]} 12. Nc1 {[%emt 0:00:10]} a3 {[%emt 0:00:31]} 13. b3 {[%emt 0:00:09]} Ne4 {[%emt 0:00:09]} 14. Bd2 {[%emt 0:00:09]} Bd6 {[%emt 0:00:17]} 15. Nd3 {[%emt 0:00:10]} Rc8 {[%emt 0:01:52]} 16. Rc1 {[%emt 0:00:34]} O-O {[%emt 0:00:00]} 17. g3 {[%emt 0:00:20]} e5 {[%emt 0:00:00]} 18. dxe5 {[%emt 0:00:20]} Nxe5 {[%emt 0:00:00]} 19. Be3 {[%emt 0:00:28]} d4 {[%emt 0:00:00]} 20. Bxd4 {[%emt 0:00:19]} Qxd4 {[%emt 0:00:00]} 21. cxd4 {[%emt 0:00:10]} Nxd3+ {[%emt 0:00:04]} 22. Qxd3 {[%emt 0:00:13]} Rxc1+ {[%emt 0:00:00]} 23. Ke2 {[%emt 0:00:09]} Re8 {[%emt 0:00:00]} 24. Bg2 {[%emt 0:01:01]} Nc5+ {[%emt 0:00:10]} 0-1

[Event "9th Bangabandhu Blitz Men 2021"]
[Site "Dhaka"]
[Date "2021.04.03"]
[Round "3.2"]
[White "Hossain, Enamul"]
[Black "Rahman, Taibur"]
[Result "1-0"]
[WhiteElo "2404"]
[BlackElo "2189"]
[Annotator "NA"]
[PlyCount "52"]
[EventDate "2021.04.02"]
[EventType "swiss"]
[EventCountry "BAN"]
[SourceTitle "playchess.com"]
[Source "ChessBase"]
[SourceQuality "1"]
[TimeControl "1500+10"]

1. e4 {[%emt 0:22:08]} c5 {[%emt 0:22:07]} 2. Nf3 {[%emt 0:00:09]} Nc6 {[%emt 0:00:10]} 3. c3 {[%emt 0:00:14]} Nf6 {[%emt 0:00:10]} 4. e5 {[%emt 0:00:10]} Nd5 {[%emt 0:00:08]} 5. Bc4 {[%emt 0:00:09]} e6 {[%emt 0:00:10]} 6. d4 {[%emt 0:00:12]} cxd4 {[%emt 0:00:10]} 7. cxd4 {[%emt 0:00:10]} d6 {[%emt 0:00:09]} 8. O-O {[%emt 0:00:11]} Be7 {[%emt 0:00:14]} 9. Qe2 {[%emt 0:00:17]} O-O {[%emt 0:00:31]} 10. Nc3 {[%emt 0:00:19]} Nxc3 {[%emt 0:00:23]} 11. bxc3 {[%emt 0:00:09]} Bd7 {[%emt 0:00:40]} 12. Rb1 {[%emt 0:00:22]} dxe5 {[%emt 0:00:39]} 13. dxe5 {[%emt 0:00:12]} Na5 {[%emt 0:00:21]} 14. Bd3 {[%emt 0:00:18]} Bc6 {[%emt 0:00:11]} 15. Nd4 {[%emt 0:00:41]} Bd5 {[%emt 0:00:24]} 16. f4 {[%emt 0:00:28]} Rc8 {[%emt 0:00:22]} 17. Bd2 {[%emt 0:00:11]} Nc4 {[%emt 0:00:15]} 18. f5 {[%emt 0:00:14]} Nxd2 {[%emt 0:00:21]} 19. Qxd2 {[%emt 0:00:09]} exf5 {[%emt 0:00:12]} 20. Bxf5 {[%emt 0:00:19]} Rc7 {[%emt 0:00:20]} 21. Bc2 {[%emt 0:00:21]} Bg5 {[%emt 0:00:20]} 22. Qd3 {[%emt 0:00:09]} g6 {[%emt 0:00:09]} 23. Bb3 {[%emt 0:00:09]} Bxb3 {[%emt 0:00:10]} 24. axb3 {[%emt 0:00:10]} Qe7 {[%emt 0:00:11]} 25. Rbe1 {[%emt 0:00:14]} Rfc8 {[%emt 0:00:12]} 26. Nb5 {[%emt 0:00:21]} Rc5 {[%emt 0:00:00]} 1-0

[Event "9th Bangabandhu Blitz Men 2021"]
[Site "Dhaka"]
[Date "2021.04.03"]
[Round "3.4"]
[White "Anata, Choudhury"]
[Black "Mohammad Fahad, Rahman"]
[Result "0-1"]
[WhiteElo "2184"]
[BlackElo "2321"]
[Annotator "ChessBase"]
[PlyCount "144"]
[EventDate "2021.04.02"]
[EventType "swiss"]
[EventCountry "BAN"]
[SourceTitle "playchess.com"]
[Source "ChessBase"]
[SourceQuality "1"]
[TimeControl "1500+10"]

1. e4 {[%emt 0:22:08]} c5 {[%emt 0:22:07]} 2. Nf3 {[%emt 0:00:09]} d6 {[%emt 0:00:09]} 3. Bb5+ {[%emt 0:00:10]} Nd7 {[%emt 0:00:12]} 4. d4 {[%emt 0:00:09]} cxd4 {[%emt 0:00:17]} 5. Qxd4 {[%emt 0:00:10]} Ngf6 {[%emt 0:00:17]} 6. O-O {[%emt 0:00:12]} e5 {[%emt 0:00:11]} 7. Qd3 {[%emt 0:00:10]} Be7 {[%emt 0:00:10]} 8. Bg5 {[%emt 0:00:29]} O-O {[%emt 0:00:11]} 9. Bxd7 {[%emt 0:00:14]} Nxd7 {[%emt 0:00:13]} 10. Bxe7 {[%emt 0:00:10]} Qxe7 {[%emt 0:00:09]} 11. Nc3 {[%emt 0:00:10]} Nc5 {[%emt 0:00:18]} 12. Qe3 {[%emt 0:00:34]} Be6 {[%emt 0:00:19]} 13. Rfd1 {[%emt 0:00:14]} Rfd8 {[%emt 0:00:11]} 14. Nd5 {[%emt 0:00:59]} Bxd5 {[%emt 0:00:19]} 15. Rxd5 {[%emt 0:00:10]} Rdc8 {[%emt 0:00:58]} 16. Rad1 {[%emt 0:00:17]} Rc6 {[%emt 0:00:09]} 17. c3 {[%emt 0:00:24]} h6 {[%emt 0:00:11]} 18. Nd2 {[%emt 0:00:12]} Na4 {[%emt 0:00:14]} 19. Rb1 {[%emt 0:00:20]} Qe6 {[%emt 0:00:23]} 20. c4 {[%emt 0:00:23]} Nb6 {[%emt 0:00:13]} 21. Rb5 {[%emt 0:00:14]} Nxc4 {[%emt 0:00:22]} 22. Nxc4 {[%emt 0:00:10]} Qxc4 {[%emt 0:00:09]} 23. Rxb7 {[%emt 0:00:12]} Qxa2 {[%emt 0:00:16]} 24. Rd1 {[%emt 0:00:16]} a5 {[%emt 0:00:30]} 25. g3 {[%emt 0:00:14]} Rac8 {[%emt 0:00:15]} 26. Kg2 {[%emt 0:00:11]} Qa4 {[%emt 0:00:14]} 27. Qf3 {[%emt 0:00:17]} Qc4 {[%emt 0:00:21]} 28. Rd3 {[%emt 0:00:09]} Qe6 {[%emt 0:00:10]} 29. Ra3 {[%emt 0:00:09]} Rc5 {[%emt 0:00:11]} 30. Ra7 {[%emt 0:00:10]} Rb8 {[%emt 0:00:10]} 31. R7xa5 {[%emt 0:00:13]} Rxa5 {[%emt 0:00:10]} 32. Rxa5 {[%emt 0:00:09]} Rxb2 {[%emt 0:00:11]} 33. Ra7 {[%emt 0:00:10]} Rb3 {[%emt 0:00:10]} 34. Qe2 {[%emt 0:00:11]} Rb8 {[%emt 0:00:10]} 35. Ra3 {[%emt 0:00:09]} Rd8 {[%emt 0:00:10]} 36. Rd3 {[%emt 0:00:09]} g6 {[%emt 0:00:09]} 37. Qf3 {[%emt 0:00:09]} Kg7 {[%emt 0:00:09]} 38. h4 {[%emt 0:00:09]} Qf6 {[%emt 0:00:08]} 39. Qe3 {[%emt 0:00:09]} Qe7 {[%emt 0:00:09]} 40. Qd2 {[%emt 0:00:09]} Qb7 {[%emt 0:00:09]} 41. Rd5 {[%emt 0:00:09]} Qc6 {[%emt 0:00:10]} 42. Qd3 {[%emt 0:00:09]} Rd7 {[%emt 0:00:10]} 43. Qf3 {[%emt 0:00:09]} Qc4 {[%emt 0:00:10]} 44. h5 {[%emt 0:00:10]} gxh5 {[%emt 0:00:10]} 45. Rd3 {[%emt 0:00:10]} Rd8 {[%emt 0:00:12]} 46. Rc3 {[%emt 0:00:09]} Qd4 {[%emt 0:00:09]} 47. Rd3 {[%emt 0:00:09]} Qb4 {[%emt 0:00:14]} 48. Re3 {[%emt 0:00:11]} Qb7 {[%emt 0:00:12]} 49. Qxh5 {[%emt 0:00:11]} Qe7 {[%emt 0:00:08]} 50. Qg4+ {[%emt 0:00:09]} Kf8 {[%emt 0:00:10]} 51. Qh5 {[%emt 0:00:10]} Qe6 {[%emt 0:00:09]} 52. Qf3 {[%emt 0:00:11]} Kg7 {[%emt 0:00:09]} 53. Rd3 {[%emt 0:00:09]} Rc8 {[%emt 0:00:10]} 54. Rd5 {[%emt 0:00:11]} Rc4 {[%emt 0:00:09]} 55. Rb5 {[%emt 0:00:10]} Qg6 {[%emt 0:00:09]} 56. Rb6 {[%emt 0:00:10]} Rd4 {[%emt 0:00:10]} 57. Rb7 {[%emt 0:00:10]} Rxe4 {[%emt 0:00:11]} 58. Rd7 {[%emt 0:00:09]} Rd4 {[%emt 0:00:10]} 59. Rd8 {[%emt 0:00:10]} Qe6 {[%emt 0:00:11]} 60. Kh2 {[%emt 0:00:12]} Rd2 {[%emt 0:00:10]} 61. Qe3 {[%emt 0:00:16]} Qf6 {[%emt 0:00:14]} 62. Qxd2 {[%emt 0:00:16]} Qxd8 {[%emt 0:00:09]} 63. Qd5 {[%emt 0:00:10]} Qf6 {[%emt 0:00:10]} 64. Kg2 {[%emt 0:00:09]} Qe6 {[%emt 0:00:08]} 65. Qe4 {[%emt 0:00:10]} d5 {[%emt 0:00:09]} 66. Qb4 {[%emt 0:00:10]} d4 {[%emt 0:00:09]} 67. Qd2 {[%emt 0:00:10]} Qd5+ {[%emt 0:00:09]} 68. f3 {[%emt 0:00:09]} e4 {[%emt 0:00:11]} 69. fxe4 {[%emt 0:00:09]} Qxe4+ {[%emt 0:00:08]} 70. Kh3 {[%emt 0:00:10]} d3 {[%emt 0:00:16]} 71. Qc3+ {[%emt 0:00:09]} Kh7 {[%emt 0:00:09]} 72. Qf6 {[%emt 0:00:11]} Qe6+ {[%emt 0:00:09]} 0-1

[Event "9th Bangabandhu Blitz Men 2021"]
[Site "Dhaka"]
[Date "2021.04.03"]
[Round "3.5"]
[White "Asaduzzaman, Ahad"]
[Black "Bappi, A.b."]
[Result "1/2-1/2"]
[WhiteElo "1742"]
[BlackElo "1854"]
[Annotator "NA"]
[PlyCount "28"]
[EventDate "2021.04.02"]
[EventType "swiss"]
[EventCountry "BAN"]
[SourceTitle "playchess.com"]
[Source "ChessBase"]
[SourceQuality "1"]
[TimeControl "1500+10"]

1. e4 {[%emt 0:22:07]} g6 {[%emt 0:22:07]} 2. d4 {[%emt 0:00:15]} Bg7 {[%emt 0:03:13]} 3. f4 {[%emt 0:00:10]} e6 {[%emt 0:00:00]} 4. Nf3 {[%emt 0:00:09]} d6 {[%emt 0:00:00]} 5. Bd3 {[%emt 0:00:15]} Ne7 {[%emt 0:00:00]} 6. O-O {[%emt 0:00:15]} O-O {[%emt 0:00:00]} 7. e5 {[%emt 0:00:11]} d5 {[%emt 0:00:00]} 8. c3 {[%emt 0:00:13]} b6 {[%emt 0:00:00]} 9. Na3 {[%emt 0:00:17]} Bb7 {[%emt 0:00:00]} 10. Nc2 {[%emt 0:00:10]} c5 {[%emt 0:01:20]} 11. Ne3 {[%emt 0:02:48]} Nbc6 {[%emt 0:00:10]} 12. Qe2 {[%emt 0:00:00]} Rc8 {[%emt 0:00:00]} 13. Bd2 {[%emt 0:00:20]} a5 {[%emt 0:00:00]} 14. Rac1 {[%emt 0:00:10]} c4 {[%emt 0:00:00]} 1/2-1/2

[Event "9th Bangabandhu Blitz Men 2021"]
[Site "Dhaka"]
[Date "2021.04.03"]
[Round "3.6"]
[White "Rahman, Ziaur"]
[Black "Jabed Al Azad"]
[Result "1-0"]
[WhiteElo "2432"]
[BlackElo "1983"]
[Annotator "ChessBase"]
[PlyCount "55"]
[EventDate "2021.04.02"]
[EventType "swiss"]
[EventCountry "BAN"]
[SourceTitle "playchess.com"]
[Source "ChessBase"]
[SourceQuality "1"]
[TimeControl "1500+10"]

1. d4 {[%emt 0:22:08]} d5 {[%emt 0:22:07]} 2. Nf3 {[%emt 0:00:11]} Nf6 {[%emt 0:00:08]} 3. e3 {[%emt 0:00:11]} c5 {[%emt 0:00:10]} 4. c3 {[%emt 0:00:15]} Nc6 {[%emt 0:00:08]} 5. dxc5 {[%emt 0:00:16]} a5 {[%emt 0:00:09]} 6. Bb5 {[%emt 0:00:10]} Ne4 {[%emt 0:00:27]} 7. b4 {[%emt 0:00:17]} e6 {[%emt 0:00:28]} 8. Bb2 {[%emt 0:00:17]} Be7 {[%emt 0:00:09]} 9. Nbd2 {[%emt 0:00:22]} Nxd2 {[%emt 0:00:22]} 10. Qxd2 {[%emt 0:00:11]} O-O {[%emt 0:00:09]} 11. O-O {[%emt 0:00:11]} Bf6 {[%emt 0:00:13]} 12. a3 {[%emt 0:00:10]} Qc7 {[%emt 0:00:14]} 13. c4 {[%emt 0:00:28]} Bxb2 {[%emt 0:00:17]} 14. Qxb2 {[%emt 0:00:10]} dxc4 {[%emt 0:00:16]} 15. Bxc4 {[%emt 0:00:09]} Rb8 {[%emt 0:00:48]} 16. b5 {[%emt 0:00:21]} Ne7 {[%emt 0:00:12]} 17. Qe5 {[%emt 0:00:17]} Qxe5 {[%emt 0:00:25]} 18. Nxe5 {[%emt 0:00:09]} f6 {[%emt 0:00:14]} 19. Nf3 {[%emt 0:00:16]} Kh8 {[%emt 0:00:28]} 20. a4 {[%emt 0:00:24]} e5 {[%emt 0:00:09]} 21. Nd2 {[%emt 0:00:09]} Bf5 {[%emt 0:00:11]} 22. e4 {[%emt 0:00:12]} Bg4 {[%emt 0:00:12]} 23. f3 {[%emt 0:00:10]} Bd7 {[%emt 0:00:12]} 24. Nb3 {[%emt 0:00:09]} Ra8 {[%emt 0:00:14]} 25. Rfd1 {[%emt 0:00:10]} Bc8 {[%emt 0:00:29]} 26. Rd6 {[%emt 0:00:13]} Ng6 {[%emt 0:00:16]} 27. Rad1 {[%emt 0:00:11]} h6 {[%emt 0:00:13]} 28. Rd8 {[%emt 0:00:10]} 1-0